Las mil y una noches guajiras : (Record no. 138274)

MARC details
000 -LEADER
fixed length control field 01068nam a2200265 a 4500
008 - FIXED-LENGTH DATA ELEMENTS--GENERAL INFORMATION
fixed length control field 870812s1985 cu 000 0 spa
010 ## - LIBRARY OF CONGRESS CONTROL NUMBER
LC control number 86218100
040 ## - CATALOGING SOURCE
Original cataloging agency DLC
Transcribing agency DLC
Modifying agency DLC
Transcribing agency EG-GiCUC
050 00 - LIBRARY OF CONGRESS CALL NUMBER
Classification number PQ7389.L68
Item number M5 1985
082 00 - DEWEY DECIMAL CLASSIFICATION NUMBER
Classification number 862
Edition number 19
092 04 - LOCALLY ASSIGNED DEWEY CALL NUMBER (OCLC)
Classification number 862.64
Item number L868m
Edition number 21
099 ## - LOCAL FREE-TEXT CALL NUMBER (OCLC)
Classification number 04
-- 862.64 L868m
100 1# - MAIN ENTRY--PERSONAL NAME
Personal name Loredo Alonso, Romulo.
245 14 - TITLE STATEMENT
Title Las mil y una noches guajiras :
Remainder of title perfil libre /
Statement of responsibility, etc. Râomulo Loredo.
260 ## - PUBLICATION, DISTRIBUTION, ETC.
Place of publication, distribution, etc. Ciudad de la Habana :
Name of publisher, distributor, etc. Uniâon de Escritores y Artistas de Cuba,
Date of publication, distribution, etc. c1985.
300 ## - PHYSICAL DESCRIPTION
Extent 567 p. ;
Dimensions 18 cm.
505 0# - FORMATTED CONTENTS NOTE
Formatted contents note Las mil y una noches guajiras -- Carnaval en pueblo chico -- Baile de sociedad -- El mâedico improvisado -- El velorio de Pachencho -- Mefistâofeles -- Apâendice -- Algunas consideraciones acerca del teatro bufo cubano.
600 10 - SUBJECT ADDED ENTRY--PERSONAL NAME
Personal name Loredo Alonso, Romulo.
650 #0 - SUBJECT ADDED ENTRY--TOPICAL TERM
Topical term or geographic name entry element Spanish drama
Chronological subdivision 20th century.
902 ## - LOCAL DATA ELEMENT B, LDB (RLIN)
No. of Items 1
905 ## - LOCAL DATA ELEMENT E, LDE (RLIN)
Cataloger Jamal
Reviser Rev.
905 ## - LOCAL DATA ELEMENT E, LDE (RLIN)
Cataloger Jihan
Reviser Cat.
942 ## - ADDED ENTRY ELEMENTS (KOHA)
Source of classification or shelving scheme Dewey Decimal Classification
Koha item type Books
Holdings
Source of classification or shelving scheme Not for loan Home library Current library Date acquired Full call number Barcode Date last seen Copy number Koha item type
Dewey Decimal Classification   المكتبة المركزبة الجديدة - جامعة القاهرة قاعة الثقاقات الاجنبية - الدور الثالث 11.02.2024 862.64 L868m Spa. 01000116005301000 05.07.2024 C.1 Books
Cairo University Libraries Portal Implemented & Customized by: Eng. M. Mohamady Contacts: new-lib@cl.cu.edu.eg | cnul@cl.cu.edu.eg
CUCL logo CNUL logo
© All rights reserved — Cairo University Libraries
CUCL logo
Implemented & Customized by: Eng. M. Mohamady Contact: new-lib@cl.cu.edu.eg © All rights reserved — New Central Library
CNUL logo
Implemented & Customized by: Eng. M. Mohamady Contact: cnul@cl.cu.edu.eg © All rights reserved — Cairo National University Library